000 01020nam a22002537a 4500
005 20240530110512.0
008 151215s2013 ua adk f b 000 0 ara d
017 _a2012/19260
_bمصر . دار الكتب المصرية
020 _a9789776413245
040 _aEG-CaGPL
082 0 4 _221
_a658.4056\
_bص إ
100 0 _aصابرين عطية مرسال جويدة
245 1 2 _aالانذار المبكر فى ادارة الازمات الرياضية /
_cصابرين عطية مرسال جويدة
250 _aط1
260 _aالاسكندرية :
_bدار الوفاء لدنيا الطباعة و النشر ،
_c2013 .
300 _a555 ص :
_bايض ؛
_c24 سم .
504 _aيشتمل على ارجاعات ببليوجرافية
650 0 4 _aادارة الافراد
650 0 4 _aالرياضة
_xتنظيم و ادارة
650 0 4 _aالادارة المتكاملة
650 0 4 _aادارة الازمات
942 _2ddc
_cBK
999 _c61707
_d61707